Architecture Form-Space & Order (Record no. 108)

000 -LEADER
fixed length control field 00340nam a2200145Ia 4500
003 - CONTROL NUMBER IDENTIFIER
control field OSt
005 - DATE AND TIME OF LATEST TRANSACTION
control field 20230706114400.0
008 - FIXED-LENGTH DATA ELEMENTS--GENERAL INFORMATION
fixed length control field 200302s9999 xx 000 0 und d
100 ## - MAIN ENTRY--PERSONAL NAME
Personal name Francis D. K. Ching
245 ## - TITLE STATEMENT
Title Architecture Form-Space & Order
260 ## - PUBLICATION, DISTRIBUTION, ETC. (IMPRINT)
Name of publisher, distributor, etc Van Nostrand Reindold Company
260 ## - PUBLICATION, DISTRIBUTION, ETC. (IMPRINT)
Date of publication, distribution, etc 1979
300 ## - PHYSICAL DESCRIPTION
Extent 394
942 ## - ADDED ENTRY ELEMENTS (KOHA)
Source of classification or shelving scheme
Holdings
Withdrawn status Lost status Source of classification or shelving scheme Damaged status Koha normalized classification for sorting Not for loan Permanent location Current location Shelving location Date acquired Cost, normal purchase price Total Checkouts Full call number Barcode Date last seen Date last borrowed Price effective from Non-public note Koha item type Checked out
        720_100000000000000 Not For Loan BMS College of Architecture, Design and Planning BMS College of Architecture, Design and Planning Reference 2020-03-03 29.20 6 720.1 CL-UG18712 2024-10-08 2022-08-29 2020-03-03 Rare Collection UG Books from CL  
        720_100000000000000   BMS College of Architecture, Design and Planning BMS College of Architecture, Design and Planning   2020-03-03 982.76 1 720.1 CL-UG32967 2023-12-13 2023-12-13 2020-03-03 Rare Collection UG Books from CL 2023-12-28
        720_100000000000000   BMS College of Architecture, Design and Planning BMS College of Architecture, Design and Planning   2020-03-03 1646.39 12 720.1 CL-UG42258 2025-11-29 2025-11-11 2020-03-03   UG Books from CL  
Copyright © 2025, The Librarian, Library and Information Centre, BMSCA D&P, Bengaluru. All Rights Reserved
web counter

Powered by Koha